| 000 | 01264cab a2200205 4500 | ||
|---|---|---|---|
| 001 | ##L135267 | ||
| 008 | 061009n2006 000 0 eng u | ||
| 035 | _a(Sirsi) u135267 | ||
| 041 | 0 | _aeng | |
| 110 | 2 |
_aRoyal Institution of Chartered Surveyors _bPublic Affairs _94679 |
|
| 245 | 0 | 0 |
_aRICS _bCity Development Corporations |
| 260 | _c2006 | ||
| 490 | 0 |
_aRICS View _v27 September 2006 |
|
| 520 | _aExpresses RICS support for the proposed introduction of City Development Corporations(CDCs) especially if they replicate the success of the early Development Corporations such as the Central Manchester Development Corporation of the early 1990s. Recommends that CDCs are given streamlined powers of land assembly and planning and are supported by adequate funding streams and proposes that safeguards are put in place to ensure that any relocation of local authorities and Regional Development Agency activities due to introduction of CDCs are kept to a minimum. | ||
| 590 | _aIKA171006 | ||
| 651 | 4 |
_aEngland _y886- |
|
| 690 | _aENVIRONMENTAL AND LAND CONSULTANCY-PLANNING AND DEVELOPMENT-STRATEGIC PLANNING | ||
| 856 | 4 | 0 |
_uhttps://www.rics.org/RICSWEB/getpage.aspx?p=iw-UMPfKoUW-V0afIVBJuQ _zView the statement free of charge at www.rics.org... |
| 942 | _n0 | ||
| 999 |
_c77849 _d77849 |
||